书目信息 |
| 题名: |
城市热风
|
|
| 作者: | 谈歌 著 | |
| 分册: | ||
| 出版信息: | 南昌 百花洲文艺出版社 1997.03 |
|
| 页数: | 693页 | |
| 开本: | 32开 | |
| 丛书名: | ||
| 单 册: | ||
| 中图分类: | I247.57 | |
| 科图分类: | ||
| 主题词: | 小说--中国 | |
| 电子资源: | ||
| ISBN: | 7-80579-817-6 | |
| 000 | 00522nam0 2200193 45 | |
| 001 | 0106081517 | |
| 005 | 20010608154956.4 | |
| 010 | @a7-80579-817-6@d28.00元 | |
| 100 | @a20010608d1997 km y0chiy0120 ea | |
| 101 | 0 | @achi |
| 105 | @a z 000yy | |
| 200 | 1 | @a城市热风@ACheng Shi Re Feng@f谈歌著@FTan Ge Zhu |
| 210 | @a南昌@c百花洲文艺出版社@d1997.03 | |
| 215 | @a693页@d32开 | |
| 606 | 0 | @a小说@x中国 |
| 690 | @aI247.57@v3 | |
| 701 | 0 | @a谈歌@4著 |
| 801 | @aCN@bPftUser@c20010608 | |
| 905 | @f5@b346287-291@dI247.57@eY059 | |
| 城市热风/谈歌著.-南昌:百花洲文艺出版社,1997.03 |
| 693页;32开 |
| ISBN 7-80579-817-6:28.00元 |
| ● |
| 相关链接 |
|
|
|
正题名:城市热风
索取号:I247.57/Y059
 
预约/预借
| 序号 | 登录号 | 条形码 | 馆藏地/架位号 | 状态 | 备注 |
| 1 | 346287 | 203462877 | 社科二线422/422社科库 1排1列4层/ [索取号:I247.57/Y059] | 在馆 | |
| 2 | 346288 | 203462886 | 社科二线422/422社科库 1排1列4层/ [索取号:I247.57/Y059] | 在馆 | |
| 3 | 346289 | 203462895 | 社科二线422/422社科库 1排1列4层/ [索取号:I247.57/Y059] | 在馆 | |
| 4 | 346290 | 203462902 | 社科二线400B/400B社科库 21排2列4层/ [索取号:I247.57/Y059] | 在馆 | |
| 5 | 346291 | 203462911 | 社科二线422/422社科库 1排1列4层/ [索取号:I247.57/Y059] | 在馆 |